Czy rozpoznasz karaibskie państwo po kolorach flagi? - Statystyki

Ogólne statystyki
  • Ten quiz został rozwiązany 9 razy
  • Średni wynik to 6 z 16
Statystyki odpowiedzi
Kolory Państwo % Poprawnych
Czarny, czerwony, biały Trynidad i Tobago
80%
Czarny, morski/niebieski, żółty Bahamy
60%
Czerwony, biały, niebieski Kuba
60%
Niebieski, żółty, czarny Barbados
40%
Zielony, żółty, czarny, biały, czerwony, fioletowy Dominika
40%
Niebieski, czerwony, biały, żółty, zielony, czarny Dominikana
40%
Niebieski, czerwony, zielony, złoty/żółty, biały, czarny Haiti
40%
Zielony, czarny, żółty Jamajka
40%
Niebieski, biały, żółty, czarny Saint Lucia
40%
Niebieski, żółty, zielony Saint Vincent i Grenadyny
40%
Czerwony, biały, żółty, niebieski, czarny Antigua i Barbuda
20%
Czerwony, niebieski, zielony, brązowy, biały, czarny, żółty, szary Belize
20%
Czerwony, żółty, zielony Grenada
20%
Zielony, żółty, czarny, czerwony, biały Saint Kitts i Nevis
20%
Zielony, biały, czerwony, żółty Surinam
20%
Czerwony, czarny, żółty, biały, zielony Gujana
0%
Nie znaleziono quizów pasujących do podanych kryteriów
Rozkład punktacji
Procent ludzi z każdym wynikiem
Percentyl według liczby udzielonych odpowiedzi
Twoja historia wyników
Nie rozwiązałeś tego quizu